00338 a2200109 4500001001000000005001700010008004100027245007000068100003000138773004300168999001700211ART_2620620260410161937.0260409a 10a¿Qué tipo de normas éticas requiere la profesión contable?1 aRomano Pastor, Juan Pablo0 tSaberEsg- Nº 3 (jun. 2011)wREV26089 c29098d29098